Statistics for Which countries in Asia have the safest roads?

Click here to take the quiz!

General Stats

  • This quiz has been taken 33 times
  • The average score is 9 of 11

Answer Stats

Death Rate (per 100,000)Country% Correct
3.6Japan
93%
7.3Qatar
90%
2.1Singapore
90%
3.9Israel
87%
8.6South Korea
87%
8.9United Arab Emirates
80%
5.2Bahrain
77%
7.5Brunei
77%
6.7Turkey
70%
1.6The Maldives
60%
6.7Azerbaijan
57%

Score Distribution

Percentile by Number Answered

Percent of People with Each Score

Your Score History

You have not taken this quiz